O meu mundo (Registo nº 2601)

Detalhes MARC
000 -Etiqueta do registo
Cabeçalho 00757nam a22002531 4500
005 - Identificador da versão
Campo de controlo 20240827160456.0
010 ## - Número internacional normalizado dos livros (ISBN)
Número (ISBN) 9722618806
100 ## - Dados gerais de processamento
Dados gerais de processamento 20040318d2002 da y0pory5003 ba
101 1# - Língua de publicação
Língua do texto, banda sonora, etc. Português
Língua do documento no original Inglês
102 ## - Pais de publicação ou produção
País de publicação Portugal
105 ## - Campo de dados codificados: livros
Dados codificados dos livros a z 000yy
106 ## - Campo de dados codificados: material textual
Dados codificados do material textual r
200 1# - Titulo e menção de responsabilidade
Título próprio O meu mundo
Informação de outro título um primeiro olhar para o mundo
Primeira menção de responsabilidade il. Prue Greener
Outras menções de responsabilidade dir. Carey Combe
-- trad. Marlene Campos
210 ## - Publicação, Distribuição, etc. 
Lugar da edição, distribuição, etc. Londres
Nome do editor, distribuidor, etc. Dorling Kindersley ;
Lugar da edição, distribuição, etc. Porto
Nome do editor, distribuidor, etc. Civilização
Data da publicação, distribuição, etc. cop. 2002
215 ## - Descrição física 
Indicação específica da natureza do documento e extensão da espécie 18 p.
Outras indicações físicas muito il.
Dimensões 25 cm
304 ## - Notas relativas a título e menção de responsabilidade 
Texto da nota Tít. orig.: My world
606 ## - Nome comum usado como assunto
Número de registo de entrada de autoridade 0001387
Palavra de ordem Geografia
675 ## - Classificação Decimal Universal (CDU)
Notação 91
Edição
Língua da edição por
701 #1 - Nome de autor-pessoa física (co-responsabilidade principal)
Palavra de ordem Greener
Outra parte do nome não tomada para palavra de ordem Prue
Código de função Ilustrador / Técnico de desenho computorizado
702 #1 - Nome de autor-pessoa física (responsabilidade secundária)
Número de registo de entrada de autoridade 0001390
Palavra de ordem Combe
Outra parte do nome não tomada para palavra de ordem Carey
Código de função Responsável editorial
Número de registo de entrada de autoridade 0000750
Palavra de ordem Campos
Outra parte do nome não tomada para palavra de ordem Marlene
Código de função Tradutor
942 ## - Elementos de entrada adicionados (Koha)
Tipo de item no Koha Livro
Exemplares
Situação do levantamento Origin of item (home branch) (coded) Biblioteca de empréstimo Código de barras Cota Circulation type (not for loan) Tipo de documento Nota do exemplar Damaged status
  Biblioteca Escolar da Coca Maravilhas Biblioteca Escolar da Coca Maravilhas BECM6583/04 9GEO GRE   Livro Sem mensagem